Compositeurs célèbres - Statistiques

Statistiques générales
  • Ce quiz a été pris 54 fois
    12 depuis la dernière actualisation
  • Le résultat moyen est 22 sur 34
Statistiques - réponses
Hint Réponse % Correct
Une petite musique de nuit La flûte enchantée Le nozze di Figaro (Les Noces de Figaro) Don Giovanni Così fan tutte Amadeus Mozart
100%
Les Quatre SaisonsAida Antonio Vivaldi
100%
Ouverture n° 3 en ré majeur Variations Goldberg Jean-Sébastien Bach
100%
La Bagatelle en la mineur, « La Lettre à Élise » Ode à la joie Sonate au Clair de lune/Moonlight Sonata/La Sonate n° 14 La Symphonie n° 5/Symphonie du Destin Symphonie n° 3 Ludwig van Beethoven
100%
Le Boléro Maurice Ravel
100%
Ave MariaLa Truite Franz Schubert
89%
Carmen Symphonie en ut majeur L’Arlésienne Georges Bizet
89%
Le Beau Danube Bleu Johann Strauss II
89%
Ainsi Parlait Zarathoustra Richard Strauss
89%
Chevauchée des Walkyries Lohengrin Richard Wagner
89%
Pierre et le Loup Sergueï Prokofiev
89%
Danse Macabre Le Carnaval des animaux Camille Saint-Saëns
78%
Fantaisie-ImpromptuLa Sonate pour piano n° 2/Marche funèbre Frédéric Chopin
78%
Manon Lescaut Tosca Madame Butterfly Turandot ("Nessun dorma") Giacomo Puccini
78%
Guillaume Tell Le Barbier de Séville Gioachino Rossini
78%
NabuccoRigoletto Il trovatore La traviata Aida Giuseppe Verdi
78%
Clair de lune Prélude à l'Après-midi d'un faune Pelléas et Mélisande Children's Corner La Damoiselle élue Suite bergamasque Claude Debussy
67%
Rhapsody in Blue George Gershwin
67%
Les Danses hongroises/Danse hongroise n°5 Johannes Brahms
67%
Canon Johann Pachelbel
67%
Concerto pour piano n° 1 Le Lac des cygnes Symphonie n° 4 Eugène Onéguine La belle au bois dormant Casse-Noisette Piotr Ilitch Tchaïkovski
67%
Les Oiseaux de feu Petrouchka Le Sacre du printemps Pulcinella Igor Stravinsky
56%
Peer Gynt Edvard Grieg
44%
Valses de Méphisto Années de pèlerinage La Campanella Études d'exécution transcendante Rhapsodies hongroises Les Préludes Franz Liszt
44%
Le Galop infernal d'Orphée aux Enfers Jacques Offenbach
44%
Symphonie n° 5 Symphonie n° 2 Symphonie n° 7 Finlandia Jean Sibelius
44%
Lakmé Léo Delibes
44%
Carmina Burana Carl Orff
33%
Valse n° 2 Symphonie n° 5 (1937) Le Cuirassé Potemkine Dmitri Chostakovitch
33%
Le Songe d'une nuit d'été Felix Mendelssohn
33%
Water Music Le Messie Concerto pour hautbois n° 3 La Resurrezione Georg Friedrich Haendel
33%
La Damnation de Faust Hector Berlioz
33%
Scènes d'enfants Symphonie n° 3 (Rhénane) Scènes de la forêt Robert Schumann
11%
Der FreischützRondo brillant en ré bémol majeur Euryanthe Carl Maria von Weber
0%
Aucun quiz correspondant
Distribution des résultats
% des personnes avec chaque résultat
Percentile par nombre de réponses
Votre historique - résultats
Vous n’avez pas pris ce quiz depuis la dernière actualisation